| 000 | 00810nam a2200229 4500 | ||
|---|---|---|---|
| 003 | OSt | ||
| 005 | 20230907104540.0 | ||
| 006 | k|||||r|||| 0| zz | ||
| 008 | 708 R549v | ||
| 040 | _cLado V | ||
| 082 |
_a708 _bH557d |
||
| 100 |
_91025 _aHernández, José Alberto _eautor |
||
| 245 | _aDiseños de José Alberto Hernández para el Centro Cultural de España 2004-2013/ | ||
| 260 |
_aCosta Rica _bCentro Cultural de España _c2013 |
||
| 300 |
_a2p. _c28x14cm |
||
| 650 |
_2Tesauro de Arte & Arquitectura _aARTE _9702 |
||
| 650 |
_2Tesauro de Arte & Arquitectura _aEXHIBICIÓN _9702 |
||
| 650 |
_2Tesauro de Arte & Arquitectura _aBOLETÍN _9702 |
||
| 650 |
_2Tesauro de Arte & Arquitectura _aBOLANTE |
||
| 650 |
_2Tesauro de Arte & Arquitectura _aPUBLICIDAD |
||
| 942 |
_2ddc _c1 _h708 _iH557d _n0 |
||
| 999 |
_c4282 _d4282 |
||